Najludniejsze państwa świata w 1900 roku - Statystyki

Ogólne statystyki
  • Ten quiz został rozwiązany 38 268 razy
  • Średni wynik to 15 z 22
Statystyki odpowiedzi
Populacja Kraj lub imperium % Poprawnych
415 mln Chiny
98%
137 mln Rosja
97%
89,6 mln Stany Zjednoczone
95%
67,1 mln Niemcy
93%
78,9 mln Imperium Francuskie
91%
384 mln Imperium Brytyjskie
89%
18,7 mln Hiszpania
86%
17,0 mln Brazylia
83%
42,0 mln Japonia
81%
32,0 mln Włochy
79%
12,1 mln Meksyk
74%
5,8 mln Argentyna
69%
51,4 mln Austro-Węgry
69%
12,5 mln Imperium Portugalskie
68%
51,3 mln Imperium Holenderskie
55%
30,9 mln Imperium Osmańskie
55%
6,1 mln Belgia
49%
7,0 mln Persja
49%
12,0 mln Korea
42%
7,2 mln Syjam
29%
6,6 mln Rumunia
28%
8,1 mln Maroko
16%
Nie znaleziono quizów pasujących do podanych kryteriów
Rozkład punktacji
Procent ludzi z każdym wynikiem
Percentyl według liczby udzielonych odpowiedzi
Twoja historia wyników
Nie rozwiązałeś tego quizu